Declaración política del nuevo Gobierno (julio de 1976). (Record no. 52737)

MARC details
000 -LEADER
campo de control de longitud fija 01163nam a2200241 i 4500
001 - NÚMERO DE CONTROL
campo de control 52737
003 - IDENTIFICADOR DE NÚMERO DE CONTROL
campo de control ES-MaACL
005 - FECHA Y HORA DE LA ÚLTIMA TRANSACCIÓN
campo de control 20240520181644.0
007 - CAMPO FIJO DE DESCRIPCIÓN FÍSICA--INFORMACIÓN GENERAL
campo de control de longitud fija t|
008 - DATOS DE LONGITUD FIJA--INFORMACIÓN GENERAL
campo de control de longitud fija 030903s1976 sp ||||1| spa d
110 1# - ENTRADA PRINCIPAL--NOMBRE DE ENTIDAD CORPORATIVA
Nombre de entidad corporativa o nombre de jurisdicción como elemento de entrada España.
Unidad subordinada Gobierno.
9 (RLIN) 3804
245 10 - MENCIÓN DEL TÍTULO
Título Declaración política del nuevo Gobierno (julio de 1976).
260 ## - PUBLICACIÓN, DISTRIBUCIÓN, ETC.
Lugar de publicación, distribución, etc. [Madrid] :
Nombre del editor, distribuidor, etc. Ediciones del Movimiento,
Fecha de publicación, distribución, etc. [1976]
300 ## - DESCRIPCIÓN FÍSICA
Extensión 31 p., [16] h. de lám. ;
Dimensiones 21 cm.
505 0# - NOTA DE CONTENIDO CON FORMATO
Nota de contenido con formato Mensaje del presidente del Gobierno, don Adolfo Suárez González, dirigido al país a través de Radiotelevisión Española (6-VII-1976) . Alocución de S.M. el Rey al iniciarse la reunión del Consejo de Ministros, celebrada en el Palacio de la Zarzuela bajo su presidencia (9-VII-1976) . Declaración programática del nuevo Gobierno (16-VII-1976) . Composición del nuevo Gobierno
651 #4 - PUNTO DE ACCESO ADICIONAL DE MATERIA--NOMBRE GEOGRÁFICO
Nombre geográfico España-
Subdivisión general Política y gobierno-
Subdivisión cronológica 1975-1982.
9 (RLIN) 8447
700 1# - ENTRADA AGREGADA--NOMBRE PERSONAL
Nombre de persona Suárez, Adolfo,
Fechas asociadas al nombre 1932-2014
9 (RLIN) 164828
700 0# - ENTRADA AGREGADA--NOMBRE PERSONAL
Nombre de persona Juan Carlos
Numeración I,
Títulos y otros términos asociados al nombre Rey de España
9 (RLIN) 67108
710 2# - ENTRADA AGREGADA--NOMBRE DE ENTIDAD CORPORATIVA
Nombre de entidad corporativa o nombre de jurisdicción como elemento de entrada Ediciones del Movimiento.
9 (RLIN) 171800
852 ## - LOCALIZACIÓN
Ubicación ES-MaACL
Número de control de estantería 2101-F-23
852 ## - LOCALIZACIÓN
Ubicación ES-MaACL
Número de control de estantería 2103-F-27
Holdings
Estatus retirado Estado de pérdida Estado de daño No para préstamo Colección Biblioteca de origen Biblioteca actual Ubicación en estantería Fecha de adquisición Fuente de adquisición Total de préstamos Signatura topográfica completa Código de barras Visto por última vez Precio de reemplazo Tipo de ítem Koha
        Colección de folletos Biblioteca del Ateneo de Madrid Biblioteca del Ateneo de Madrid Depósito folletos 17/01/2008     2103-F-27 1055428 23/02/2023 23/02/2023 Folleto
        Colección de folletos Biblioteca del Ateneo de Madrid Biblioteca del Ateneo de Madrid Depósito folletos 17/01/2008     2101-F-23 1055427 23/02/2023 23/02/2023 Folleto